Skončenie pracovnoprávného vzťahu a jeho sociálno-ekonomický dopad /

Hlavní autor: Treľová, Silvia
Další autoři: Matlák, Ján, 1950-
Jazyk: Slovenština
Vydáno: Brno : Tribun EU, 2017
Vydání: Prvé vydanie
Edice: Librix.sk
Témata:
Fyzický popis: 115 stran ; 25 cm
Knihy
Uloženo v:
LEADER 01968nam a2200529 i 4500
001 nkc20182981404
003 CZ PrNK
005 20180403133553.0
007 ta
008 180222s2017 xr f 000 0 slo
015 |a cnb002981404 
020 |a 978-80-263-1364-9  |q (brožováno) 
035 |a (OCoLC)1035452604 
040 |a OLA001  |b cze  |d ABA001  |e rda 
043 |a e-xo--- 
072 7 |a 349  |x Pracovní, sociální, stavební právo. Právo životního prostředí  |2 Konspekt  |9 16 
080 |a 331.106  |2 MRF 
080 |a 349.22  |2 MRF 
080 |a 349.2  |2 MRF 
080 |a (437.6)  |2 MRF 
080 |a (048.8)  |2 MRF 
100 1 |a Treľová, Silvia  |7 ola2015886268  |4 aut 
245 1 0 |a Skončenie pracovnoprávného vzťahu a jeho sociálno-ekonomický dopad /  |c Silvia Treľová, Ján Matlák 
250 |a Prvé vydanie 
264 1 |a Brno :  |b Tribun EU,  |c 2017 
300 |a 115 stran ;  |c 25 cm 
336 |a text  |b txt  |2 rdacontent 
337 |a bez média  |b n  |2 rdamedia 
338 |a svazek  |b nc  |2 rdacarrier 
490 1 |a Librix.sk 
504 |a Obsahuje bibliografie a bibliografické odkazy 
650 0 7 |a pracovněprávní vztahy  |7 ph124524  |z Slovensko  |2 czenas 
650 0 7 |a skončení pracovního poměru  |7 ph448230  |z Slovensko  |2 czenas 
650 0 7 |a pracovní právo  |7 ph115872  |z Slovensko  |2 czenas 
650 0 9 |a labor-law relations  |z Slovakia  |2 eczenas 
650 0 9 |a termination of employment  |z Slovakia  |2 eczenas 
650 0 9 |a labor laws and legislation  |z Slovakia  |2 eczenas 
655 7 |a monografie  |7 fd132842  |2 czenas 
655 9 |a monographs  |2 eczenas 
700 1 |a Matlák, Ján,  |d 1950-  |7 pna2010551328  |4 aut 
830 0 |a Librix.sk  |0 s 
910 2 |a BOA001  |b 2-1405.278 
990 |a BK 
995 |a 01 
991 |b 201803  |c NOV 
996 6 |b 2610737404  |c 2-1405.278  |l MZK  |r Sklad / do 1 hodiny  |n 0  |p p.v.  |w 001656054  |u 000010  |a 1  |e BOA001  |j MZK50  |s P 
996 7 |b 2610737405  |c 2-1405.278  |l MZK  |r Sklad / do 1 hodiny  |n 2  |p p.v.  |w 001656054  |u 000020  |a 1  |e BOA001  |j MZK50  |s A